<?xml version="1.0" encoding="UTF-8"?>
<record
    xmlns:xsi="http://www.w3.org/2001/XMLSchema-instance"
    xsi:schemaLocation="http://www.loc.gov/MARC21/slim http://www.loc.gov/standards/marcxml/schema/MARC21slim.xsd"
    xmlns="http://www.loc.gov/MARC21/slim">

  <leader>00865    a2200157   4500</leader>
  <controlfield tag="003">Nust</controlfield>
  <controlfield tag="005">20221011131441.0</controlfield>
  <datafield tag="020" ind1=" " ind2=" ">
    <subfield code="a">07046135x</subfield>
  </datafield>
  <datafield tag="040" ind1=" " ind2=" ">
    <subfield code="c">Nust</subfield>
  </datafield>
  <datafield tag="082" ind1=" " ind2=" ">
    <subfield code="a">540,NEA</subfield>
  </datafield>
  <datafield tag="100" ind1=" " ind2=" ">
    <subfield code="a">Neal, Arthur Leslie,</subfield>
    <subfield code="9">99891</subfield>
  </datafield>
  <datafield tag="245" ind1=" " ind2=" ">
    <subfield code="a">Chemistry and biochemistry:</subfield>
    <subfield code="b"> a comprehensive introduction /</subfield>
    <subfield code="c">A. Leslie Neal.</subfield>
  </datafield>
  <datafield tag="505" ind1=" " ind2=" ">
    <subfield code="a">General Chemistry (Page-5), Matter and Energy (Page-5), The Atom (Page-15), The Chemical Bond (Page-39), Chemical Reactions and Equations (page-63) Solutions(Page-83) Chemical Equilibrium (page-113) Suggested Readings for (Page-151),Organic Chemistry (Page-157), Hydrocarbons (Page-179), Alcohols (Page-223), Aldehydes and Ketenes (Page-243), Carboxylic Acid  (Page-261), Amines, amides and Hetero-cyclic nitrogen compounds (Page-287), Biochemistry (Page-339). </subfield>
  </datafield>
  <datafield tag="650" ind1=" " ind2=" ">
    <subfield code="a">Chemistry and biochemistry:</subfield>
    <subfield code="9">99892</subfield>
  </datafield>
  <datafield tag="942" ind1=" " ind2=" ">
    <subfield code="2">ddc</subfield>
    <subfield code="c">BK</subfield>
  </datafield>
  <datafield tag="999" ind1=" " ind2=" ">
    <subfield code="c">183376</subfield>
    <subfield code="d">183376</subfield>
  </datafield>
  <datafield tag="952" ind1=" " ind2=" ">
    <subfield code="0">0</subfield>
    <subfield code="1">0</subfield>
    <subfield code="2">ddc</subfield>
    <subfield code="4">0</subfield>
    <subfield code="7">0</subfield>
    <subfield code="a">MCS</subfield>
    <subfield code="b">MCS</subfield>
    <subfield code="c">GEN</subfield>
    <subfield code="d">2016-12-12</subfield>
    <subfield code="o">540,NEA</subfield>
    <subfield code="p">MCS6382</subfield>
    <subfield code="r">2016-12-08</subfield>
    <subfield code="w">2016-12-12</subfield>
    <subfield code="y">BK</subfield>
    <subfield code="z">Almirah No.25, Shelf No.2</subfield>
  </datafield>
</record>
